[Event "Tradewise Gibraltar Chess Festival 2013"]
[Site "Gibraltar ENG"]
[Date "2013.01.23"]
[Round "2.97"]
[White "George, Lolomari Erekosima"]
[Black "Lipecki, Alexander"]
[Result "0-1"]
[WhiteElo "1869"]
[BlackElo "2138"]
[PlyCount "96"]
[EventDate "2013.01.22"]
[EventType "swiss"]
[EventRounds "10"]
[EventCountry "ENG"]
[Source "lmi"]
[SourceDate "2013.01.22"]

1. d4 Nf6 2. c4 d6 3. Nc3 g6 4. e4 Bg7 5. Be2 O-O 6. Nf3 Bg4 7. O-O Bxf3 8.
Bxf3 Nfd7 9. Be3 Nc6 10. d5 Na5 11. Be2 Bxc3 12. bxc3 e5 13. Bd3 b6 14. Qe2 Qe7
15. Rae1 f6 16. g3 Nc5 17. Bh6 Rf7 18. h4 Qd7 19. Kg2 Nxd3 20. Qxd3 Qa4 21. h5
Qxc4 22. Qf3 g5 23. Qg4 f5 24. Qxg5+ Kh8 25. Qh4 fxe4 26. Rxe4 Qxd5 27. Bg5
Raf8 28. Bh6 Rg8 29. Kg1 Qe6 30. Bd2 d5 31. Re2 Nc4 32. Kh2 e4 33. Rg1 Ne5 34.
Re3 Ng4+ 35. Kh1 Nxf2+ 36. Kg2 Ng4 37. Re2 e3 38. Rge1 d4 39. cxd4 Qd5+ 40. Kh3
exd2 41. Rxd2 Rf2 42. Rxf2 Nxf2+ 43. Kh2 Ng4+ 44. Kh3 Qxa2 45. Qxg4 Rxg4 46.
Kxg4 Qg8+ 47. Kf3 Qd5+ 48. Ke3 Qxh5 0-1

[Event "Tradewise Gibraltar Chess Festival 2013"]
[Site "Gibraltar ENG"]
[Date "2013.01.23"]
[Round "2.98"]
[White "Valhondo Morales, Ruben"]
[Black "Reid, Vaness"]
[Result "1-0"]
[WhiteElo "2136"]
[BlackElo "1844"]
[PlyCount "71"]
[EventDate "2013.01.22"]
[EventType "swiss"]
[EventRounds "10"]
[EventCountry "ENG"]
[Source "lmi"]
[SourceDate "2013.01.22"]

1. d4 d5 2. c4 c6 3. Nc3 dxc4 4. a4 e5 5. dxe5 Qxd1+ 6. Kxd1 Bb4 7. e4 Bxc3 8.
bxc3 Nd7 9. e6 fxe6 10. Bxc4 Ngf6 11. f3 Ne5 12. Be2 O-O 13. Nh3 Nf7 14. Bc4
Re8 15. Be3 b6 16. Kc2 Nd7 17. Rhd1 Nde5 18. Be2 Ng6 19. Rd2 e5 20. Bc4 Be6 21.
Bxe6 Rxe6 22. a5 Rb8 23. Rb1 c5 24. Bxc5 Rc8 25. axb6 axb6 26. Rxb6 Rxb6 27.
Bxb6 Rc6 28. Ba5 Nf8 29. Bb4 Ne6 30. Kb3 Nc7 31. Nf2 Nb5 32. Ng4 h5 33. Ne3
Nbd6 34. Rd5 Ne8 35. Nf5 Kh7 36. Rd7 1-0

[Event "Tradewise Gibraltar Chess Festival 2013"]
[Site "Gibraltar ENG"]
[Date "2013.01.23"]
[Round "2.99"]
[White "Iglesias Fernandez, Luis"]
[Black "Linhart, Wolfgang"]
[Result "1/2-1/2"]
[WhiteElo "1862"]
[BlackElo "2130"]
[PlyCount "141"]
[EventDate "2013.01.22"]
[EventType "swiss"]
[EventRounds "10"]
[EventCountry "ENG"]
[Source "lmi"]
[SourceDate "2013.01.22"]

1. e4 c5 2. Nf3 e6 3. d3 Nc6 4. g3 d5 5. Nbd2 Nf6 6. Bg2 Be7 7. O-O O-O 8. e5
Nd7 9. Re1 Qc7 10. Qe2 b5 11. Nf1 a5 12. h4 b4 13. Bf4 a4 14. a3 Ba6 15. Ne3
Qb6 16. Ng4 Nd4 17. Nxd4 cxd4 18. Bg5 Qd8 19. axb4 Bxg5 20. hxg5 Qxg5 21. f4
Qe7 22. Kf2 Rfc8 23. Rh1 Nf8 24. Rh2 Ra7 25. Rah1 Rac7 26. Nf6+ Qxf6 27. exf6
Rxc2 28. fxg7 Kxg7 29. Ra1 Bxd3 30. Qxc2 Rxc2+ 31. Kg1 Rxb2 32. Bf1 Rxh2 33.
Kxh2 Bxf1 34. Rxf1 Nd7 35. Rd1 Kf6 36. Rxd4 Ke7 37. f5 Kd6 38. fxe6 fxe6 39.
Kg2 Kc6 40. Rh4 Nf8 41. Rf4 Nd7 42. Rf7 h5 43. Rh7 a3 44. Rxh5 Kb5 45. Rh8 Kxb4
46. g4 a2 47. Ra8 Kb3 48. Ra7 Nb6 49. g5 Na4 50. Rb7+ Kc2 51. g6 a1=Q 52. g7
Qxg7+ 53. Rxg7 Kc3 54. Rg3+ Kc4 55. Re3 Nc5 56. Kf2 e5 57. Ke2 e4 58. Kd2 Kd4
59. Ra3 Ke5 60. Rc3 Ne6 61. Ra3 Ng5 62. Ra6 Nf7 63. Ke3 Nd6 64. Ra4 Nf5+ 65.
Ke2 Kf4 66. Ra5 d4 67. Rd5 Ng3+ 68. Kd2 Nf5 69. Ke2 Kg4 70. Rd8 Kf4 71. Rd5
1/2-1/2

[Event "Tradewise Gibraltar Chess Festival 2013"]
[Site "Gibraltar ENG"]
[Date "2013.01.23"]
[Round "2.100"]
[White "Wilson, Matthew R"]
[Black "Janev, Pavel"]
[Result "0-1"]
[WhiteElo "1827"]
[BlackElo "2126"]
[PlyCount "68"]
[EventDate "2013.01.22"]
[EventType "swiss"]
[EventRounds "10"]
[EventCountry "ENG"]
[Source "lmi"]
[SourceDate "2013.01.22"]

1. Nf3 c5 2. g3 Nc6 3. c4 g6 4. Bg2 Bg7 5. O-O d6 6. Nc3 Nh6 7. d3 O-O 8. Bg5
f6 9. Bd2 Nf5 10. a3 Nfd4 11. e3 Nxf3+ 12. Bxf3 Bh3 13. Re1 Qd7 14. Be2 b6 15.
f4 h5 16. Rb1 e5 17. Bf3 Bg4 18. Bd5+ Kh7 19. Qa4 Rac8 20. Nb5 a5 21. Na7 Nxa7
22. Qxd7 Bxd7 23. b4 axb4 24. axb4 Bc6 25. Ra1 Bxd5 26. cxd5 Nb5 27. bxc5 bxc5
28. Reb1 Nc7 29. Ra7 Nxd5 30. Rbb7 Rg8 31. e4 Nb4 32. Bxb4 cxb4 33. Rxb4 Rb8
34. Rc4 Rgc8 0-1

[Event "Tradewise Gibraltar Chess Festival 2013"]
[Site "Gibraltar ENG"]
[Date "2013.01.23"]
[Round "2.101"]
[White "Wiedersich, Jens"]
[Black "Chidi, Lovinia Sylvia"]
[Result "1-0"]
[WhiteElo "2120"]
[BlackElo "1820"]
[PlyCount "99"]
[EventDate "2013.01.22"]
[EventType "swiss"]
[EventRounds "10"]
[EventCountry "ENG"]
[Source "lmi"]
[SourceDate "2013.01.22"]

1. d4 d5 2. c4 e6 3. Nf3 Nf6 4. g3 c6 5. Qb3 Be7 6. Bg2 O-O 7. O-O Re8 8. Nc3
Nbd7 9. Bf4 Nh5 10. Be3 Nhf6 11. Rac1 Bf8 12. Rfd1 dxc4 13. Qxc4 Nb6 14. Qd3 g6
15. Ne5 Bg7 16. Qd2 Nfd5 17. Bh6 Bxh6 18. Qxh6 Qf6 19. Ne4 Qg7 20. Qh4 Rf8 21.
Nd6 f5 22. Qg5 Qe7 23. Qxe7 Nxe7 24. e3 Rd8 25. Ndc4 Nxc4 26. Rxc4 Bd7 27. Rdc1
Be8 28. h4 Nc8 29. Kf1 Nd6 30. Rb4 Rab8 31. Ke2 Kg7 32. Rc3 Rbc8 33. Nd3 Rd7
34. Rc5 Re7 35. a4 Rcc7 36. Rc1 h6 37. Rb3 Bd7 38. Rbc3 Bc8 39. Ne5 Ne8 40. b4
a6 41. Kd3 Kf6 42. Kc4 b5+ 43. Kb3 bxa4+ 44. Kxa4 Bb7 45. Bxc6 Nd6 46. Bxb7
Rxb7 47. Rc6 Ne4 48. Nd3 g5 49. d5 Red7 50. Rxe6+ 1-0

[Event "Tradewise Gibraltar Chess Festival 2013"]
[Site "Gibraltar ENG"]
[Date "2013.01.23"]
[Round "2.102"]
[White "Colompar, Ladislau-Alexandru"]
[Black "Dasaolu, Rotimi"]
[Result "0-1"]
[WhiteElo "1790"]
[BlackElo "2115"]
[PlyCount "100"]
[EventDate "2013.01.22"]
[EventType "swiss"]
[EventRounds "10"]
[EventCountry "ENG"]
[Source "lmi"]
[SourceDate "2013.01.22"]

1. d4 c5 2. d5 e5 3. e4 d6 4. c4 g6 5. Nc3 Bg7 6. g3 Ne7 7. Bg2 O-O 8. Nf3 h6
9. Be3 f5 10. h4 fxe4 11. Nxe4 Bg4 12. Qd2 Bxf3 13. Bxf3 Rxf3 14. Bxh6 Na6 15.
Bxg7 Kxg7 16. Ng5 Rf6 17. Ne6+ Rxe6 18. dxe6 Nf5 19. h5 Nd4 20. Qd3 Qf6 21.
O-O-O Re8 22. Qxg6+ Qxg6 23. hxg6 Kxg6 24. Rh3 Rxe6 25. Rdh1 Kg5 26. a3 Rf6 27.
f4+ exf4 28. gxf4+ Rxf4 29. Rh7 Ne6 30. R1h5+ Kf6 31. Rh4 Rf1+ 32. Kd2 Nac7 33.
Rh2 Rf4 34. b3 a6 35. Ke3 Rf5 36. Rd7 d5 37. cxd5 Nxd5+ 38. Kd2 b5 39. Rd6 Ke5
40. Rxa6 Nd4 41. Kc1 Nxb3+ 42. Kb2 Nd4 43. Rah6 Nf4 44. Rh8 Kd5 45. Rd8+ Kc4
46. Ra8 Nd3+ 47. Ka2 Re5 48. Rg8 Re1 49. Rgh8 Kc3 50. Rh1 Re2+ 0-1

[Event "Tradewise Gibraltar Chess Festival 2013"]
[Site "Gibraltar ENG"]
[Date "2013.01.23"]
[Round "2.103"]
[White "Byrn, Carsten"]
[Black "Sevillano Leal, Julio"]
[Result "1-0"]
[WhiteElo "2114"]
[BlackElo "1807"]
[PlyCount "77"]
[EventDate "2013.01.22"]
[EventType "swiss"]
[EventRounds "10"]
[EventCountry "ENG"]
[Source "lmi"]
[SourceDate "2013.01.22"]

1. d4 Nf6 2. c4 e6 3. Nc3 d5 4. Nf3 c6 5. g3 Bd6 6. Bg2 Nbd7 7. O-O O-O 8. e4
Nxe4 9. Nxe4 dxe4 10. Ng5 Nf6 11. Nxe4 Nxe4 12. Bxe4 Qf6 13. b3 Rd8 14. Bb2 Bd7
15. Qc2 Qh6 16. c5 Be7 17. b4 Bf6 18. a4 g6 19. Rfd1 Qg7 20. Rab1 Be8 21. Qc4
Rac8 22. b5 Rb8 23. Bc3 Rbc8 24. Rd2 Rb8 25. Rbd1 Rbc8 26. Ba5 Rd7 27. bxc6
bxc6 28. Qa6 Rb8 29. Bxc6 Rxd4 30. Bxe8 Rxe8 31. Qxa7 Rxd2 32. Rxd2 Bc3 33. Rd8
Rxd8 34. Bxd8 Qd4 35. Qa8 Kg7 36. Be7 Qd1+ 37. Kg2 Qd5+ 38. Qxd5 exd5 39. c6
1-0

[Event "Tradewise Gibraltar Chess Festival 2013"]
[Site "Gibraltar ENG"]
[Date "2013.01.23"]
[Round "2.104"]
[White "Rujan, Rodel-Marinel"]
[Black "Cawley, Paul F"]
[Result "1/2-1/2"]
[WhiteElo "1759"]
[BlackElo "2113"]
[PlyCount "126"]
[EventDate "2013.01.22"]
[EventType "swiss"]
[EventRounds "10"]
[EventCountry "ENG"]
[Source "lmi"]
[SourceDate "2013.01.22"]

1. c4 Nf6 2. g3 g6 3. Bg2 Bg7 4. Nc3 e5 5. e4 d6 6. Nge2 O-O 7. O-O Be6 8. d3
Qd7 9. Re1 Bh3 10. Bh1 Nc6 11. Nd5 Nxd5 12. cxd5 Ne7 13. Be3 f5 14. Qd2 f4 15.
Nxf4 Rxf4 16. Bxf4 exf4 17. d4 c6 18. Qxf4 Bxd4 19. Qd2 c5 20. Bg2 Rf8 21. Rf1
Qg4 22. Rae1 Bxg2 23. Kxg2 Qf3+ 24. Kg1 h5 25. Qe2 g5 26. Qd2 Qf6 27. Qe2 g4
28. Rb1 Ng6 29. b4 c4 30. Kg2 b5 31. f3 gxf3+ 32. Rxf3 Qxf3+ 33. Qxf3 Rxf3 34.
Kxf3 Ne5+ 35. Ke2 Kg7 36. Rf1 Kg6 37. Rf8 c3 38. Rd8 Nc4 39. Kd3 Be5 40. Ra8
Na3 41. Rxa7 c2 42. Rc7 Bb2 43. Kd2 c1=Q+ 44. Rxc1 Bxc1+ 45. Kxc1 Kf6 46. Kb2
Nc4+ 47. Kc3 Nb6 48. Kd4 Nd7 49. h3 Nb6 50. e5+ dxe5+ 51. Kc5 Nd7+ 52. Kxb5 e4
53. Kc4 Ke5 54. d6 h4 55. gxh4 Kf4 56. h5 e3 57. h6 e2 58. h7 e1=Q 59. h8=Q
Qe6+ 60. Kc3 Qe3+ 61. Kc2 Qe2+ 62. Kb3 Qd1+ 63. Kb2 Qd2+ 1/2-1/2

[Event "Tradewise Gibraltar Chess Festival 2013"]
[Site "Gibraltar ENG"]
[Date "2013.01.23"]
[Round "2.105"]
[White "Uran Bermudez, Oliver Kevin"]
[Black "Scholl, Alois"]
[Result "1-0"]
[WhiteElo "2113"]
[BlackElo "1765"]
[PlyCount "49"]
[EventDate "2013.01.22"]
[EventType "swiss"]
[EventRounds "10"]
[EventCountry "ENG"]
[Source "lmi"]
[SourceDate "2013.01.22"]

1. e4 Nf6 2. e5 Nd5 3. Nf3 d6 4. d4 Be6 5. Bb5+ c6 6. Be2 h6 7. c4 Nb6 8. Nbd2
N8d7 9. O-O Qc7 10. exd6 exd6 11. b3 O-O-O 12. Bb2 Rg8 13. a4 a5 14. b4 axb4
15. a5 Na8 16. a6 Nb8 17. a7 Na6 18. d5 Bd7 19. dxc6 Bxc6 20. Nd4 Qb6 21. N2b3
Qxa7 22. Nxc6 bxc6 23. c5 N8c7 24. Qd3 Kb7 25. Na5+ 1-0

[Event "Tradewise Gibraltar Chess Festival 2013"]
[Site "Gibraltar ENG"]
[Date "2013.01.23"]
[Round "2.106"]
[White "Whatley, Stephen A J"]
[Black "Gieritz, Dietmar"]
[Result "1/2-1/2"]
[WhiteElo "1717"]
[BlackElo "2112"]
[PlyCount "127"]
[EventDate "2013.01.22"]
[EventType "swiss"]
[EventRounds "10"]
[EventCountry "ENG"]
[Source "lmi"]
[SourceDate "2013.01.22"]

1. e4 e6 2. Nf3 d5 3. Nc3 Nf6 4. e5 Nfd7 5. d4 c5 6. dxc5 Nc6 7. Bf4 Nxc5 8.
Be2 Qb6 9. O-O Qxb2 10. Nb5 Na6 11. Qd2 Qb4 12. c4 dxc4 13. Qxb4 Bxb4 14. Bxc4
O-O 15. Rfd1 Be7 16. Rac1 Nc5 17. Be3 Nd7 18. Nc7 Rb8 19. Bb5 Ba3 20. Rc2 Nb6
21. Bxb6 axb6 22. Bxc6 bxc6 23. Rxc6 Bc5 24. Nb5 Ra8 25. Rd2 Ra5 26. Nd6 Ba6
27. Rc7 Ra3 28. Ne4 Bb4 29. Rb2 Rd3 30. h3 Ba5 31. Nd6 f6 32. Nb7 Bxb7 33. Rxb7
fxe5 34. Nxe5 Rd1+ 35. Kh2 Bc3 36. Re2 Rd2 37. Rxd2 Bxd2 38. Rxb6 Bf4+ 39. Kg1
Bxe5 40. Rxe6 Bd4 41. Re2 Rb8 42. g4 Rb2 43. Rxb2 Bxb2 44. Kg2 Kf7 45. Kg3 Ke6
46. h4 Ke5 47. Kf3 Bc1 48. a4 Bd2 49. Ke2 Ba5 50. Ke3 Bb6+ 51. Kf3 Bc7 52. Ke3
Bb6+ 53. Kf3 Bd8 54. Kg3 Ke4 55. f3+ Ke3 56. g5 g6 57. Kg4 Bc7 58. h5 Bd8 59.
f4 Ke4 60. hxg6 hxg6 61. f5 gxf5+ 62. Kh5 f4 63. g6 Bf6 64. a5 1/2-1/2

[Event "Tradewise Gibraltar Chess Festival 2013"]
[Site "Gibraltar ENG"]
[Date "2013.01.23"]
[Round "2.107"]
[White "Mckenna, Jason P"]
[Black "Candano Gonzalez, Alvaro"]
[Result "1-0"]
[WhiteElo "2110"]
[BlackElo "1717"]
[PlyCount "57"]
[EventDate "2013.01.22"]
[EventType "swiss"]
[EventRounds "10"]
[EventCountry "ENG"]
[Source "lmi"]
[SourceDate "2013.01.22"]

1. e4 c5 2. Nf3 g6 3. d4 cxd4 4. Nxd4 Nc6 5. c4 Nf6 6. Nc3 d6 7. Be2 Nxd4 8.
Qxd4 Bg7 9. Be3 O-O 10. Qd2 a5 11. O-O a4 12. f3 Be6 13. Rac1 Qa5 14. Rfd1 Rfe8
15. Nd5 Qxd2 16. Rxd2 Bxd5 17. cxd5 e6 18. Bb5 Re7 19. e5 Nxd5 20. exd6 Rd7 21.
Rxd5 exd5 22. Bxd7 d4 23. Bf4 d3 24. Rc8+ Rxc8 25. Bxc8 Bxb2 26. d7 Bf6 27. Kf2
Bd4+ 28. Be3 Bf6 29. Bb6 1-0

[Event "Tradewise Gibraltar Chess Festival 2013"]
[Site "Gibraltar ENG"]
[Date "2013.01.23"]
[Round "2.108"]
[White "Ramdewar, Ishan"]
[Black "Freuler, Roman"]
[Result "1-0"]
[WhiteElo "1658"]
[BlackElo "2098"]
[PlyCount "87"]
[EventDate "2013.01.22"]
[EventType "swiss"]
[EventRounds "10"]
[EventCountry "ENG"]
[Source "lmi"]
[SourceDate "2013.01.22"]

1. e4 c5 2. c3 Nf6 3. e5 Nd5 4. d4 e6 5. Nf3 Nc6 6. c4 Nb6 7. d5 Nb8 8. Nc3 d6
9. Bf4 Be7 10. dxe6 Bxe6 11. exd6 Bf6 12. Nb5 Na6 13. Ne5 O-O 14. Qb3 Re8 15.
O-O-O Bf5 16. Nf3 Qd7 17. Bd3 Be4 18. Rhe1 Qf5 19. Rxe4 Rxe4 20. Be3 Nb4 21.
Bxe4 Qxe4 22. Bxc5 Nxc4 23. Nc3 Nd3+ 24. Kb1 Bxc3 25. Qxc3 Nxc5+ 26. Ka1 Nxd6
27. Qxc5 Ne8 28. Re1 Qc6 29. Qxc6 bxc6 30. Re7 Kf8 31. Rd7 Nf6 32. Rc7 Ne4 33.
Kb1 c5 34. Ne5 Nxf2 35. Rxf7+ Kg8 36. Rxf2 Re8 37. Nd7 c4 38. Kc2 g6 39. Kc3
Re7 40. Nf6+ Kg7 41. Kxc4 Rc7+ 42. Kb5 Rb7+ 43. Ka6 Rb4 44. b3 1-0

[Event "Tradewise Gibraltar Chess Festival 2013"]
[Site "Gibraltar ENG"]
[Date "2013.01.23"]
[Round "2.109"]
[White "Garcia Lechugo, Francisco"]
[Black "Havik, Victor"]
[Result "0-1"]
[WhiteElo "1645"]
[BlackElo "2094"]
[PlyCount "82"]
[EventDate "2013.01.22"]
[EventType "swiss"]
[EventRounds "10"]
[EventCountry "ENG"]
[Source "lmi"]
[SourceDate "2013.01.22"]

1. f4 d5 2. Nf3 Nf6 3. g3 c5 4. Bg2 Nc6 5. O-O e6 6. d3 Be7 7. c3 O-O 8. Na3
Rb8 9. Nc2 b5 10. d4 a5 11. h3 Ne4 12. Qe1 f6 13. dxc5 Bxc5+ 14. Be3 Bxe3+ 15.
Nxe3 Qb6 16. Qc1 Nxg3 17. Rf2 Ba6 18. Kh2 Ne4 19. Rf1 Rbc8 20. Nc2 b4 21. Qe3
Qxe3 22. Nxe3 bxc3 23. bxc3 Nxc3 24. Ng1 g6 25. Rfc1 Nd4 26. Re1 Ncxe2 27. Nxd5
exd5 28. Bxd5+ Kg7 29. Nxe2 Nxe2 30. Rad1 Rcd8 31. f5 Nc3 32. Re7+ Kh8 33. fxg6
hxg6 34. Rd4 Rxd5 35. Rxd5 Nxd5 36. Ra7 Bc8 37. Rxa5 Rd8 38. Ra4 Kg7 39. Ra7+
Kh6 40. Ra4 Ne3 41. Rh4+ Kg5 0-1

[Event "Tradewise Gibraltar Chess Festival 2013"]
[Site "Gibraltar ENG"]
[Date "2013.01.23"]
[Round "2.110"]
[White "Kandic, Milan"]
[Black "Neumanova, Monika"]
[Result "1-0"]
[WhiteElo "2090"]
[BlackElo "1701"]
[PlyCount "117"]
[EventDate "2013.01.22"]
[EventType "swiss"]
[EventRounds "10"]
[EventCountry "ENG"]
[Source "lmi"]
[SourceDate "2013.01.22"]

1. e4 c5 2. Nf3 Nc6 3. d3 d6 4. g3 Nf6 5. Bg2 e6 6. O-O Be7 7. Qe2 O-O 8. a4
Qc7 9. c3 Rb8 10. Re1 b6 11. Nh4 Re8 12. Bg5 h6 13. Be3 Bf8 14. f4 Ne7 15. Na3
a6 16. Nc4 g6 17. Rf1 Bg7 18. Rae1 Nc6 19. g4 e5 20. fxe5 Nxe5 21. Nxe5 Rxe5
22. h3 Bb7 23. Qd2 h5 24. Bf4 Ree8 25. e5 dxe5 26. Bxb7 Rxb7 27. Bg5 Qc6 28.
Bh6 hxg4 29. Bxg7 Kxg7 30. Qg5 Nh7 31. Qxg4 Nf6 32. Qg5 Nh7 33. Qg3 Qxa4 34.
Nf5+ Kg8 35. Nd6 Rbe7 36. Nxe8 Qxe8 37. Re4 Nf8 38. Qg5 Nd7 39. Rh4 Nf8 40. Qh6
f5 41. Qh8+ Kf7 42. Rh6 Qd7 43. Rf3 e4 44. dxe4 Rxe4 45. Rh7+ Nxh7 46. Qxh7+
Ke8 47. Qxg6+ Kd8 48. Qxb6+ Ke8 49. Qxa6 Re1+ 50. Rf1 Rxf1+ 51. Kxf1 Qd1+ 52.
Kf2 Qd7 53. Qc4 Qe7 54. Qe2 Qxe2+ 55. Kxe2 c4 56. Ke3 Ke7 57. Kf4 Kf6 58. h4
Kg6 59. Ke5 1-0

[Event "Tradewise Gibraltar Chess Festival 2013"]
[Site "Gibraltar ENG"]
[Date "2013.01.23"]
[Round "2.111"]
[White "Collins, Andrew"]
[Black "Kozarcanin, Sead"]
[Result "1/2-1/2"]
[WhiteElo "1638"]
[BlackElo "2090"]
[PlyCount "183"]
[EventDate "2013.01.22"]
[EventType "swiss"]
[EventRounds "10"]
[EventCountry "ENG"]
[Source "lmi"]
[SourceDate "2013.01.22"]

1. e4 e5 2. Nf3 Nc6 3. Bb5 g6 4. d3 Bg7 5. c3 a6 6. Ba4 Nge7 7. O-O O-O 8. Be3
b5 9. Bc2 d6 10. h3 h6 11. d4 Bd7 12. Qd2 Kh7 13. a4 Na5 14. dxe5 Nc4 15. Qc1
dxe5 16. Bc5 Nd6 17. Rd1 Bc6 18. Nxe5 Bxe5 19. f4 f6 20. fxe5 fxe5 21. Qe3 Qd7
22. Bxd6 cxd6 23. axb5 axb5 24. Nd2 Qc7 25. Nf3 Rxa1 26. Rxa1 Ra8 27. Rxa8 Bxa8
28. b4 Ng8 29. Nh2 Nf6 30. Qf3 Qa7+ 31. Kf1 Qa1+ 32. Ke2 Kg7 33. Ng4 Nh5 34.
Nf2 Nf4+ 35. Kd2 Bc6 36. g3 Nh5 37. Qe3 Qa6 38. Ng4 g5 39. h4 Kg6 40. Nxh6 gxh4
41. gxh4 Nf4 42. Nf5 Qb7 43. Qg3+ Kh7 44. Qg5 Qd7 45. Ne7 Qe8 46. h5 Bd7 47.
Bb3 Qf8 48. Ng6 Qg7 49. Qe7 Nxg6 50. Qxg7+ Kxg7 51. hxg6 Kxg6 52. Kd3 Kf6 53.
c4 Ke7 54. cxb5 Bxb5+ 55. Bc4 Ba4 56. Kc3 Kd7 57. b5 Kc7 58. Kb4 Bc2 59. Bd5
Kb6 60. Kc4 Bb1 61. Bc6 Ba2+ 62. Kc3 Kc5 63. Kc2 Bc4 64. Kc3 Bf1 65. Kb2 Kb6
66. Kc3 Ka5 67. Kb2 Be2 68. Kc3 Bf1 69. Kb2 Kb6 70. Kc3 Kc5 71. Kb2 Be2 72. Kc3
Bxb5 73. Bxb5 Kxb5 74. Kb3 Kc6 75. Kc4 Kc7 76. Kc3 Kd8 77. Kd2 Ke8 78. Ke2 Kf8
79. Kf2 Kg7 80. Kg3 Kf6 81. Kf2 Kg7 82. Kg3 Kf8 83. Kf2 Ke8 84. Ke2 Kf7 85. Kf3
Kf6 86. Kf2 Kg5 87. Kg3 Kh5 88. Kh3 Kh6 89. Kh2 Kh7 90. Kh3 Kg6 91. Kg2 Kf6 92.
Kf2 1/2-1/2

[Event "Tradewise Gibraltar Chess Festival 2013"]
[Site "Gibraltar ENG"]
[Date "2013.01.23"]
[Round "2.112"]
[White "Mueller, Hans-Dieter"]
[Black "Kuenitz, Klaus"]
[Result "1-0"]
[WhiteElo "2087"]
[BlackElo "1643"]
[PlyCount "45"]
[EventDate "2013.01.22"]
[EventType "swiss"]
[EventRounds "10"]
[EventCountry "ENG"]
[Source "lmi"]
[SourceDate "2013.01.22"]

1. e4 e6 2. Nf3 d5 3. e5 c5 4. b4 b6 5. b5 Ne7 6. c3 Ng6 7. d4 Be7 8. Bd3 O-O
9. h4 c4 10. Bc2 Re8 11. Ng5 Nf8 12. Qh5 g6 13. Qh6 f5 14. h5 Bxg5 15. Bxg5 Qd7
16. hxg6 Nxg6 17. Bf6 Qf7 18. Nd2 Nd7 19. Nf3 Nxf6 20. exf6 Qxf6 21. Qxh7+ Kf8
22. Rh6 Re7 23. Qxg6 1-0

[Event "Tradewise Gibraltar Chess Festival 2013"]
[Site "Gibraltar ENG"]
[Date "2013.01.23"]
[Round "2.114"]
[White "Lindsoe, Fredrik Aunan"]
[Black "Savage, Neil"]
[Result "1-0"]
[WhiteElo "2064"]
[BlackElo "1620"]
[PlyCount "45"]
[EventDate "2013.01.22"]
[EventType "swiss"]
[EventRounds "10"]
[EventCountry "ENG"]
[Source "lmi"]
[SourceDate "2013.01.22"]

1. Nf3 Nf6 2. d4 d5 3. c4 c6 4. Nc3 e6 5. g3 Nbd7 6. Bg2 Bd6 7. O-O O-O 8. Qc2
dxc4 9. a4 Re8 10. Rd1 Qc7 11. e4 e5 12. Qe2 exd4 13. Nxd4 h6 14. Ndb5 cxb5 15.
Nxb5 Qc5 16. Nxd6 Re6 17. Nxc4 Qe7 18. f3 b6 19. Ne3 Nc5 20. Nf5 Qc7 21. Bf4
Qc6 22. Rd8+ Ne8 23. Nd4 1-0

[Event "Tradewise Gibraltar Chess Festival 2013"]
[Site "Gibraltar ENG"]
[Date "2013.01.23"]
[Round "2.115"]
[White "Tveten, Per"]
[Black "Thornton, John D"]
[Result "0-1"]
[WhiteElo "1597"]
[BlackElo "2053"]
[PlyCount "78"]
[EventDate "2013.01.22"]
[EventType "swiss"]
[EventRounds "10"]
[EventCountry "ENG"]
[Source "lmi"]
[SourceDate "2013.01.22"]

1. e4 c5 2. c4 Nc6 3. Nc3 g6 4. d3 Bg7 5. Nf3 d6 6. h3 e6 7. Be2 Nge7 8. O-O
O-O 9. Bd2 d5 10. cxd5 exd5 11. exd5 Nxd5 12. Qc1 Re8 13. Re1 b6 14. Bh6 Nxc3
15. bxc3 Ba6 16. Bxg7 Kxg7 17. c4 Qf6 18. Rb1 Rad8 19. Qb2 Bc8 20. Qxf6+ Kxf6
21. a3 Bf5 22. Bf1 Rxe1 23. Nxe1 g5 24. g4 Bg6 25. Rb3 Nd4 26. Rb1 Ne6 27. Rd1
Nf4 28. Kh2 h5 29. f3 h4 30. Kg1 Ke5 31. Kf2 Kd4 32. Nc2+ Kc3 33. Ne1 Bxd3 34.
Nxd3 Nxd3+ 35. Bxd3 Rxd3 36. Rc1+ Kd4 37. a4 Rd2+ 38. Ke1 Rh2 39. Rd1+ Ke3 0-1

[Event "Tradewise Gibraltar Chess Festival 2013"]
[Site "Gibraltar ENG"]
[Date "2013.01.23"]
[Round "2.117"]
[White "Berggren, Klas"]
[Black "Tuchtfeld, Juergen"]
[Result "0-1"]
[WhiteElo "1523"]
[BlackElo "2051"]
[PlyCount "42"]
[EventDate "2013.01.22"]
[EventType "swiss"]
[EventRounds "10"]
[EventCountry "ENG"]
[Source "lmi"]
[SourceDate "2013.01.22"]

1. e4 c6 2. d4 d5 3. exd5 cxd5 4. c4 Nf6 5. Nc3 e6 6. Bg5 Be7 7. Nf3 O-O 8. Bd3
Nc6 9. Rc1 Nb4 10. Be2 dxc4 11. Bxc4 b6 12. O-O Bb7 13. h3 Rc8 14. Bb5 a6 15.
Be2 b5 16. a3 Nbd5 17. Nxd5 Qxd5 18. Qd3 h6 19. Rxc8 Rxc8 20. Bf4 Qa2 21. Rb1
Be4 0-1

[Event "Tradewise Gibraltar Chess Festival 2013"]
[Site "Gibraltar ENG"]
[Date "2013.01.23"]
[Round "2.118"]
[White "Skutta, Bernd"]
[Black "Piovar, Jaroslav"]
[Result "1-0"]
[WhiteElo "2048"]
[BlackElo "1536"]
[PlyCount "49"]
[EventDate "2013.01.22"]
[EventType "swiss"]
[EventRounds "10"]
[EventCountry "ENG"]
[Source "lmi"]
[SourceDate "2013.01.22"]

1. d4 d5 2. c4 e6 3. Nf3 c5 4. g3 dxc4 5. Bg2 Nc6 6. O-O Nf6 7. Qa4 Bd7 8. dxc5
Bxc5 9. Qxc4 Qb6 10. Nc3 Na5 11. Qh4 Be7 12. Ne5 Rd8 13. Rd1 O-O 14. Nxd7 Nxd7
15. Qxe7 Rfe8 16. Qa3 Ne5 17. Be3 Qa6 18. Rxd8 Rxd8 19. Qe7 Nac6 20. Bxc6 Nxc6
21. Qc7 g6 22. Bg5 Qb6 23. Bxd8 Nxd8 24. Qxb6 axb6 25. Rd1 1-0

[Event "Tradewise Gibraltar Chess Festival 2013"]
[Site "Gibraltar ENG"]
[Date "2013.01.23"]
[Round "2.120"]
[White "Stewart, Ashley"]
[Black "Kazmierczak, Ewa"]
[Result "1-0"]
[WhiteElo "2040"]
[BlackElo "1512"]
[PlyCount "51"]
[EventDate "2013.01.22"]
[EventType "swiss"]
[EventRounds "10"]
[EventCountry "ENG"]
[Source "lmi"]
[SourceDate "2013.01.22"]

1. e4 e6 2. d4 d5 3. exd5 exd5 4. c4 c6 5. Nc3 Nf6 6. Nf3 Bg4 7. Be3 Nbd7 8. h3
Bxf3 9. Qxf3 Nb6 10. c5 Nbd7 11. Be2 g6 12. O-O Bg7 13. b4 O-O 14. Rab1 Ne8 15.
Rfd1 Nc7 16. b5 Nxc5 17. bxc6 bxc6 18. Nxd5 Na4 19. Nxc7 Qxc7 20. Rdc1 c5 21.
Bb5 Qa5 22. Bc6 Rac8 23. d5 Nc3 24. Bd2 Qxa2 25. Bxc3 Bxc3 26. Qxc3 1-0